Textbook of medical physiology (Record no. 395214)

MARC details
000 -LEADER
fixed length control field 00475 a2200193 4500
005 - DATE & TIME
control field 20260310112238.0
008 - FIXED-LENGTH DATA ELEMENTS--GENERAL INFORMATION
fixed length control field 260310b |||||||| |||| 00| 0 eng d
020 ## - ISBN
International Standard Book Number 9789384007324
Price Rs. 895.00
040 ## - CATALOGING SOURCE
Original cataloging agency VIVEKANANDA LIBRARY
082 ## - DDC NUMBER
Classification number 612
Book Number K529T(2)
100 ## - MAIN ENTRY--PERSONAL NAME
Personal name Krishna, A P
245 ## - TITLE STATEMENT
Title Textbook of medical physiology
250 ## - EDITION STATEMENT
Edition statement 2nd
260 ## - PUBLICATION, DISTRIBUTION, ETC. (IMPRINT)
Name of publisher, distributor, etc Medtech
Date of publication, distribution, etc 2024
Place of publication, distribution, etc New Delhi
300 ## - PHYSICAL DESCRIPTION
Pages xvi, 463
650 ## - Subject
Subject Medical Physiology
650 ## - Subject
Subject Physiology
942 ## - ADDED ENTRY ELEMENTS (KOHA)
Koha item type Books
Holdings
Withdrawn status Lost status Source of classification or shelving scheme Damaged status Not for loan Location (home branch) Sublocation or collection (holding branch) Shelving location Date acquired Koha issues (times borrowed) Koha full call number Accession No. Koha date last seen Koha item type
    Dewey Decimal Classification     VIVEKANANDA LIBRARY VIVEKANANDA LIBRARY Vivekananda Library 17/02/2026   612 K529T(2) 438318 17/02/2026 Books
    Dewey Decimal Classification     VIVEKANANDA LIBRARY VIVEKANANDA LIBRARY Vivekananda Library 17/02/2026   612 K529T(2) 438317 17/02/2026 Books
    Dewey Decimal Classification     VIVEKANANDA LIBRARY VIVEKANANDA LIBRARY Vivekananda Library 17/02/2026   612 K529T(2) 438315 17/02/2026 Books
    Dewey Decimal Classification     VIVEKANANDA LIBRARY VIVEKANANDA LIBRARY Vivekananda Library 17/02/2026   612 K529T(2) 438316 17/02/2026 Books
    Dewey Decimal Classification     VIVEKANANDA LIBRARY VIVEKANANDA LIBRARY Vivekananda Library 17/02/2026 1 612 K529T(2) 438314 07/04/2026 Books
© Designed and Maintained by Vivekananda Library, MDU Rohtak